000 01344nam a2200289Ia 4500
001 ebr10174092
003 CaPaEBR
006 m u
007 cr cn|||||||||
008 040720s2004 njua sb 100 0 eng d
020 _z9812384634
040 _aCaPaEBR
_cCaPaEBR
035 _a(OCoLC)251540056
050 1 4 _aQC787.L5
_bJ65 2004eb
111 2 _aJoint USPAS-CAS-Japan-Russia Accelerator School
_d(2002 :
_cLong Beach, Calif.)
245 1 0 _aPhysics and technology of linear accelerator systems
_h[electronic resource] :
_bproceedings of the 2002 Joint USPAS-CAS-Japan-Russian Accelerator School, Long Beach, California 6-14 November 2002 /
_ceditors, Helmut Wiedemann ... [et al.].
260 _aRiver Edge, N.J. :
_bWorld Scientific,
_cc2004.
300 _aviii, 355 p. :
_bill.
504 _aIncludes bibliographical references.
533 _aElectronic reproduction.
_bPalo Alto, Calif. :
_cebrary,
_d2009.
_nAvailable via World Wide Web.
_nAccess may be limited to ebrary affiliated libraries.
650 0 _aLinear accelerators
_vCongresses.
650 0 _aParticle accelerators.
655 7 _aElectronic books.
_2local
700 1 _aWiedemann, Helmut,
_d1938-
710 2 _aebrary, Inc.
856 4 0 _uhttp://site.ebrary.com/lib/rucke/Doc?id=10174092
_zAn electronic book accessible through the World Wide Web; click to view
999 _c248580
_d248580